000 00329nam a22001337a 4500
003 OSt
005 20250221141756.0
007 156 pages
008 250221b |||||||| |||| 00| 0 eng d
040 _c
245 _alearn Kannada through English
_cReddy,Ramanja
260 _bdiamond publisher
942 _2ddc
_cBK
_k494.814
_mRED
_n0
999 _c36129
_d36129